[Event "AUTO-OPEN-1288"]
[Site "http://www.queenalice.com/game.php?id=606055"]
[Date "2009.6.19"]
[Round "2"]
[White "KlingonWarrior"]
[Black "LuizFernandes"]
[Result "1-0"]
[WhiteElo "2420"]
[BlackElo "1903"]

1. e4 d5 2. exd5 Qxd5 3. Nc3 Qa5 4. d4 c6 5. Nf3 Nf6 6. Bc4 Bf5 7. Bd2 Qc7 8.
Ne5 e6 9. g4 Bg6 10. Qe2 Bd6 11. f4 Bxe5 12. dxe5 Nfd7 13. Rf1 h5 14. f5 exf5
15. e6 Ne5 16. gxf5 Nxc4 17. exf7+ Kxf7 18. fxg6+ Kxg6 19. Qe4# 1-0

[Event "AUTO-OPEN-1288"]
[Site "http://www.queenalice.com/game.php?id=606056"]
[Date "2009.6.19"]
[Round "2"]
[White "LuizFernandes"]
[Black "KlingonWarrior"]
[Result "0-1"]
[WhiteElo "1882"]
[BlackElo "2421"]

1. Nf3 Nf6 2. b3 g6 3. Bb2 Bg7 4. c4 O-O 5. d4 d5 6. e3 Be6 7. Nbd2 dxc4 8. bxc4
Na6 9. c5 Nb8 10. Bc4 Bxc4 11. Nxc4 Qd5 12. Qb3 Nbd7 13. Nce5 Nxe5 14. Nxe5 Qxg2
15. O-O-O Qxf2 16. h4 e6 17. Rdf1 Qe2 18. Nc4 Ne4 19. Re1 Qh5 20. Qxb7 Nf2 21.
Ba3 e5 22. c6 Rfb8 23. Qxc7 Qf5 24. Nb2 Nd3+ 25. Nxd3 Qxd3 26. Bb2 Rb4 27. dxe5
Rc4+ 28. Bc3 Qxc3+ 29. Kd1 Qc2# 0-1

[Event "Challenge"]
[Site "http://www.queenalice.com/game.php?id=628656"]
[Date "2009.8.1"]
[Round "-"]
[White "Bergman"]
[Black "KlingonWarrior"]
[Result "1-0"]
[WhiteElo "2726"]
[BlackElo "2431"]

1. e4 c5 2. Nf3 e6 3. d4 cxd4 4. Nxd4 Nf6 5. Nc3 Nc6 6. Be2 Bb4 7. O-O Bxc3 8.
Nxc6 dxc6 9. Qxd8+ Kxd8 10. bxc3 Nxe4 11. Bf3 Nf6 12. Rd1+ Ke8 13. a4 Nd5 14. c4
Ne7 15. Rb1 e5 16. Ba3 f6 17. a5 a6 18. h3 Kf7 19. Rd2 h5 20. Bc5 g5 21. Be4 f5
22. Bf3 g4 23. hxg4 hxg4 24. Be2 Ng6 25. g3 Re8 26. Ba3 f4 27. c5 Kf6 28. Rd6+
Kg5 29. Bc4 Re7 30. Rd8 Kf6 31. Bf1 Rb8 32. Rbd1 Kg7 33. R1d6 Kh7 34. Be2 f3 35.
Bf1 e4 36. Bb2 Ra8 37. Bf6 Rc7 38. Bc4 1-0

[Event "Challenge"]
[Site "http://www.queenalice.com/game.php?id=628659"]
[Date "2009.8.1"]
[Round "-"]
[White "KlingonWarrior"]
[Black "Bergman"]
[Result "0-1"]
[WhiteElo "2433"]
[BlackElo "2724"]

1. e4 c5 2. Nf3 d6 3. d4 cxd4 4. Nxd4 Nf6 5. Nc3 a6 6. Bg5 e6 7. f4 Qb6 8. Qd2
Qxb2 9. Nb3 Qa3 10. Bxf6 gxf6 11. Be2 Be7 12. Bh5 Nc6 13. f5 O-O 14. O-O Ne5 15.
Ne2 b5 16. Nf4 Bd8 17. Be2 Bb7 18. fxe6 Bxe4 19. Bd3 Bg6 20. exf7+ Bxf7 21. Be4
Ra7 22. Bd5 Nc4 23. Qd3 Bxd5 24. Nxd5 Rg7 25. Rae1 Kh8 26. Qc3 Ne5 27. Kh1 Rg5
28. Qd4 a5 29. Nc3 Rg4 30. Qd1 Rfg8 31. Re2 a4 32. Nxb5 Qxa2 33. Nc1 Qc4 34.
Nxd6 Qc6 0-1

[Event "Desafio #1"]
[Site "http://www.queenalice.com/game.php?id=632138"]
[Date "2009.8.7"]
[Round "-"]
[White "Aylton"]
[Black "KlingonWarrior"]
[Result "0-1"]
[WhiteElo "1973"]
[BlackElo "2431"]

1. d4 Nf6 2. Nf3 e6 3. e3 b6 4. c4 Bb7 5. Nc3 Bb4 6. Bd2 Bxc3 7. Bxc3 Ne4 8. Rc1
f5 9. Be2 O-O 10. O-O d6 11. b3 Nxc3 12. Rxc3 Nd7 13. h3 a5 14. Rc1 Qe7 15. Qc2
g5 16. Nh2 Rf6 17. f4 Rg6 18. g4 gxf4 19. exf4 Qh4 20. Qc3 Nf6 21. Rce1 fxg4 22.
hxg4 Rh6 0-1

[Event "Desafio #2"]
[Site "http://www.queenalice.com/game.php?id=632139"]
[Date "2009.8.7"]
[Round "-"]
[White "KlingonWarrior"]
[Black "Aylton"]
[Result "1-0"]
[WhiteElo "2432"]
[BlackElo "1925"]

1. e4 c5 2. Nf3 Nc6 3. d4 cxd4 4. Nxd4 e5 5. Nb5 d6 6. c4 a6 7. N5c3 Nge7 8. Bd3
f5 9. O-O g6 10. Bg5 Bg7 11. exf5 Bxf5 12. Bxf5 gxf5 13. Nd5 O-O 14. c5 dxc5 15.
Nxe7+ Nxe7 16. Qxd8 Rfxd8 17. Bxe7 Rdc8 18. Rd1 e4 19. Nc3 Bxc3 20. bxc3 b5 21.
Rd5 Kf7 22. Bxc5 Ke6 23. Rad1 Rc6 24. Rd6+ Rxd6 25. Rxd6+ Ke5 26. Rh6 Rc8 27.
Bd4+ Kd5 28. Rxh7 b4 29. Rh3 bxc3 30. Bxc3 1-0

[Event "Challenge"]
[Site "http://www.queenalice.com/game.php?id=633588"]
[Date "2009.8.9"]
[Round "-"]
[White "Conde7"]
[Black "KlingonWarrior"]
[Result "1-0"]
[WhiteElo "2485"]
[BlackElo "2436"]

1. e4 c5 2. Nf3 e6 3. d4 cxd4 4. Nxd4 Nf6 5. Nc3 Nc6 6. Nxc6 bxc6 7. e5 Nd5 8.
Ne4 Qc7 9. f4 Qb6 10. c4 Bb4+ 11. Ke2 Ba6 12. Kf3 f5 13. Nf2 Ne7 14. Be3 Bc5 15.
Bxc5 Qxc5 16. Qd6 Qb6 17. b3 c5 18. Kg3 Qxd6 19. exd6 Nc8 20. Rd1 Bb7 21. Be2 a5
22. Rd2 h5 23. Re1 Ra6 24. Red1 h4+ 25. Kh3 Be4 26. Bf3 Bc6 27. Nd3 Bxf3 28.
gxf3 Rxd6 29. Nxc5 Ke7 30. Nd3 Rh5 31. c5 Rd5 32. Ne5 d6 33. Ng6+ Kd7 34. Rxd5
exd5 35. Rxd5 Rh6 36. Ne5+ Ke6 37. cxd6 Kxd5 38. d7 Rh8 39. Nf7 Nb6 40. d8=Q+
Rxd8 41. Nxd8 a4 42. bxa4 Nxa4 43. Kxh4 Kd6 44. Kg5 Ke7 45. Nc6+ 1-0

[Event "Challenge"]
[Site "http://www.queenalice.com/game.php?id=633589"]
[Date "2009.8.9"]
[Round "-"]
[White "KlingonWarrior"]
[Black "Conde7"]
[Result "0-1"]
[WhiteElo "2429"]
[BlackElo "2505"]

1. e4 c5 2. Nf3 d6 3. d4 cxd4 4. Nxd4 Nf6 5. Nc3 a6 6. Bg5 e6 7. f4 Be7 8. Qf3
Qc7 9. O-O-O Nbd7 10. Bd3 h6 11. h4 Nc5 12. Bxf6 Bxf6 13. Nce2 h5 14. Kb1 Bd7
15. c3 Nxd3 16. Rxd3 O-O-O 17. f5 Be5 18. Rhd1 Kb8 19. g3 exf5 20. Nxf5 Bb5 21.
R3d2 Bc4 22. Ne3 Be6 23. Nf4 Qc6 24. Nfd5 Rc8 25. Nf5 Qc5 26. Rd3 g6 27. Nfe3
Qb5 28. Ka1 Rc5 29. R1d2 Re8 30. Qg2 f5 31. a3 Qb3 32. Qf3 Rec8 33. Rf2 Ra5 34.
exf5 gxf5 35. Qd1 Bxd5 36. Nxd5 Rxa3+ 37. bxa3 Rxc3 38. Nxc3 Bxc3+ 39. Rxc3
Qxd1+ 40. Kb2 Qd5 41. Rf4 Qe5 42. Kc2 Qe2+ 43. Kc1 Qe1+ 44. Kb2 d5 45. Rd3 Qe5+
46. Kb3 Kc7 47. Rdf3 Qe2 48. Rxf5 d4 0-1

[Event "AUTO-OPEN-1286"]
[Site "http://www.queenalice.com/game.php?id=638384"]
[Date "2009.8.18"]
[Round "2"]
[White "Ustin"]
[Black "KlingonWarrior"]
[Result "0-1"]
[WhiteElo "2132"]
[BlackElo "2422"]

1. d4 Nf6 2. c4 e6 3. Nf3 b6 4. g3 Bb7 5. Bg2 Be7 6. O-O O-O 7. Nc3 Ne4 8. Qc2
f5 9. Ne5 Nd6 10. Bf4 Bxg2 11. Kxg2 Nf7 12. Nxf7 Rxf7 13. Rad1 Bf6 14. d5 e5 15.
Be3 f4 16. Bd2 d6 17. b4 Qd7 18. Ne4 Qf5 19. f3 Nd7 20. Qa4 a6 21. Qc6 Ra7 22.
Rb1 Nb8 23. Qa4 Rf8 24. c5 Bg5 25. Rg1 Be7 26. c6 Ra8 27. Qb3 fxg3 28. hxg3 h6
29. Rh1 Kf7 30. Qd3 Ke8 31. Rbf1 Qg6 32. f4 exf4 33. Bxf4 Qg4 34. Rf2 Rf7 35.
Rhf1 Qh5 36. Rf3 b5 37. a3 Rf8 38. Re3 Kd8 0-1

[Event "AUTO-OPEN-1286"]
[Site "http://www.queenalice.com/game.php?id=638385"]
[Date "2009.8.18"]
[Round "2"]
[White "KlingonWarrior"]
[Black "Ustin"]
[Result "1/2-1/2"]
[WhiteElo "2423"]
[BlackElo "2198"]

1. e4 e5 2. Nf3 Nf6 3. Nxe5 d6 4. Nf3 Nxe4 5. Nc3 Nxc3 6. dxc3 Be7 7. Bd3 Nc6 8.
Bf4 Be6 9. Qd2 O-O 10. O-O-O Bf6 11. Kb1 a5 12. h3 a4 13. a3 Ra5 14. g4 Bd5 15.
Be2 Re8 16. Rhe1 h6 17. Nd4 Nxd4 18. cxd4 b6 19. Bf1 Qd7 20. Rxe8+ Qxe8 21. Re1
Qc6 22. Be3 Ra8 23. f4 Bh4 24. Bf2 Bxf2 25. Qxf2 Re8 26. Rxe8+ Qxe8 27. Bd3 f6
1/2-1/2

[Event "AUTO-OPEN-1291"]
[Site "http://www.queenalice.com/game.php?id=662104"]
[Date "2009.10.3"]
[Round "3"]
[White "KlingonWarrior"]
[Black "rubenov"]
[Result "1-0"]
[WhiteElo "2418"]
[BlackElo "1982"]

1. e4 b6 2. d4 Bb7 3. Bd3 e6 4. Nf3 h6 5. O-O Be7 6. Be3 Nf6 7. Nbd2 d5 8. e5
Nfd7 9. Ne1 c5 10. Qg4 Rg8 11. c3 c4 12. Bh7 h5 13. Qg3 Bh4 14. Qf3 Rh8 15. Nxc4
Be7 16. Bd3 Ba6 17. Nd2 1-0

[Event "AUTO-OPEN-1291"]
[Site "http://www.queenalice.com/game.php?id=662105"]
[Date "2009.10.3"]
[Round "3"]
[White "rubenov"]
[Black "KlingonWarrior"]
[Result "0-1"]
[WhiteElo "1980"]
[BlackElo "2419"]

1. d4 Nf6 2. c4 c5 3. d5 b5 4. e3 d6 5. h3 g6 6. b3 bxc4 7. Bxc4 Bg7 8. Bb2 O-O
9. Ne2 Nbd7 10. O-O Nb6 11. Na3 Bb7 12. Bxf6 Bxf6 13. Rb1 Rb8 14. e4 e6 15. dxe6
Bxe4 16. exf7+ Kh8 17. Bd3 Bb7 0-1

[Event "AUTO-OPEN-1291"]
[Site "http://www.queenalice.com/game.php?id=662106"]
[Date "2009.10.3"]
[Round "3"]
[White "KlingonWarrior"]
[Black "chapichapo"]
[Result "1-0"]
[WhiteElo "2421"]
[BlackElo "1787"]

1. e4 e5 2. Nf3 Nf6 3. Nxe5 Nxe4 4. Qe2 Qe7 5. Qxe4 d6 6. d4 Nc6 7. Bb5 Bd7 8.
Nc3 dxe5 9. dxe5 Nxe5 10. Nd5 Qd6 11. Bxd7+ Kxd7 12. Bf4 Re8 13. O-O-O Kc8 14.
Rhe1 f6 15. Nxf6 gxf6 16. Rxd6 cxd6 17. Qf5+ Kb8 18. Qxf6 Nd3+ 19. cxd3 Rxe1+
20. Kd2 1-0

[Event "AUTO-OPEN-1291"]
[Site "http://www.queenalice.com/game.php?id=662107"]
[Date "2009.10.3"]
[Round "3"]
[White "chapichapo"]
[Black "KlingonWarrior"]
[Result "0-1"]
[WhiteElo "1789"]
[BlackElo "2420"]

1. e4 c5 2. Nf3 e6 3. e5 a6 4. b3 Nc6 5. Bb2 d5 6. Be2 f5 7. d4 Nge7 8. Nbd2 Ng6
9. c4 cxd4 10. Nxd4 Ncxe5 11. Bh5 Nd3+ 12. Kf1 Nxb2 13. Bxg6+ hxg6 14. Qe2 Qf6
15. N2f3 Ba3 16. cxd5 O-O 17. d6 g5 18. Ne5 Bxd6 19. Qxb2 Bxe5 20. Rd1 Rd8 0-1

[Event "AUTO-OPEN-1286"]
[Site "http://www.queenalice.com/game.php?id=691617"]
[Date "2009.12.2"]
[Round "3"]
[White "punk"]
[Black "KlingonWarrior"]
[Result "0-1"]
[WhiteElo "2095"]
[BlackElo "2424"]

1. d4 Nf6 2. c4 c5 3. e3 g6 4. Nc3 Bg7 5. Nf3 O-O 6. Be2 cxd4 7. Nxd4 d5 8. O-O
dxc4 9. Bxc4 Nbd7 10. Qb3 e5 11. Nf3 e4 12. Ng5 Qe7 13. Qc2 Nc5 14. Nd5 Nxd5 15.
Bxd5 Qxg5 16. Qxc5 Be6 17. Rd1 Rfd8 18. Qb5 Rxd5 19. Rxd5 Qxd5 20. Qxd5 Bxd5 0-1

[Event "AUTO-OPEN-1286"]
[Site "http://www.queenalice.com/game.php?id=691618"]
[Date "2009.12.2"]
[Round "3"]
[White "KlingonWarrior"]
[Black "punk"]
[Result "1-0"]
[WhiteElo "2425"]
[BlackElo "2092"]

1. e4 c5 2. Nf3 d6 3. d4 cxd4 4. Nxd4 Nf6 5. Nc3 a6 6. Bg5 e6 7. f4 Be7 8. Qf3
Qb6 9. O-O-O Nc6 10. Nxc6 Qxc6 11. Qg3 Bd7 12. e5 Nh5 13. Qg4 Bxg5 14. Qxg5 g6
15. exd6 O-O 16. Be2 Ng7 17. Bf3 Qb6 18. Ne4 Ne8 19. Qc5 Qd8 20. Qd4 Qa5 21. Nc5
Bc6 22. Bxc6 bxc6 23. d7 Ng7 24. Nb7 Qxa2 25. d8=Q Nf5 26. Qxf8+ Rxf8 27. Qe5
1-0

[Event "AUTO-OPEN-1288"]
[Site "http://www.queenalice.com/game.php?id=694524"]
[Date "2009.12.8"]
[Round "3"]
[White "KlingonWarrior"]
[Black "arrabi"]
[Result "1-0"]
[WhiteElo "2427"]
[BlackElo "2081"]

1. e4 c5 2. Nf3 Nc6 3. d4 cxd4 4. Nxd4 d6 5. c4 Nf6 6. Nc3 h6 7. Be2 g5 8. Be3
Bg7 9. O-O a6 10. f3 O-O 11. Qd2 Ne5 12. Rac1 Bd7 13. Rfd1 Rc8 14. b3 Ng6 15.
Bf1 Re8 16. Nce2 Nh7 17. Ng3 Nf6 18. Ndf5 Nh4 19. Nxg7 Kxg7 20. c5 dxc5 21. e5
1-0

[Event "AUTO-OPEN-1288"]
[Site "http://www.queenalice.com/game.php?id=694525"]
[Date "2009.12.8"]
[Round "3"]
[White "arrabi"]
[Black "KlingonWarrior"]
[Result "0-1"]
[WhiteElo "1985"]
[BlackElo "2426"]

1. g3 g6 2. e4 Bg7 3. d4 c5 4. c3 cxd4 5. cxd4 Qb6 6. Ne2 Nc6 7. e5 d6 8. Nbc3
dxe5 9. d5 Nd4 10. Nxd4 exd4 11. Bb5+ Kf8 0-1